00729nam a2200241Ia 4500003000400000005001700004008004100021020002200062040000700084041000800091082002100099100002500120245003300145260004800178300001400226365001300240650002000253650002200273906003400295942001200329999001900341952012700360OSt20230524114532.0210423s2009 xx 000 0 und d a978-81-314-2473-5 cAL aeng a332.106 SOHT223 aSOHANI (A K)9112233 aTechnology in banking sector aNew DelhibThe ICFAI Univercity Pressc2009 ax,188bPB b375cINR aBanking9112234 aEconomics9112235 abanking ; sector ; Technology 2ddccBK c165408d165408 001040708ECOaSACPGbSACPGd2014-01-29eJupiterg375.00l0o332.106 SOHTpPG011906r2022-08-24 00:00:00w2021-04-26yBK